000
00274nam a22001217a 4500
008
181022b xxu||||| |||| 00| 0 eng d
041
_a
eng
080
_a
616.8
100
_a
8
101
_a
NEU
245
_a
BTLS Basic Trauma Life Support
_c
Campbell, J.E
942
_2
udc
_c
BK
999
_c
50473
_d
50473